000 00770nam a2200277 i 4500
001 C2-0231917
003 PPAK
005 20180728085104.0
008 001207s2000 my a|||| ||||| | eng d
020 _a9679486389
040 _aPPAK
_beng
_cPPAK
_erda
082 0 4 _a428.6
_223
090 0 0 _a428.6
_bXAV
_dK
100 1 _aXavier, Matilda,
_eauthor
245 1 0 _aWhere is my pencil?
264 1 _aMelaka :
_bAssociated Educational Distributors ,
_c2000
300 _a[14 pages] :
_bcolour illustrations ;
_c26 cm
336 _2rdacontent
_atext
337 _2rdamedia
_aunmediated
338 _2rdacarrier
_avolume
490 1 _aStep by step readers
500 _aStage 1
650 1 0 _aReaders - Fiction
830 0 _aStep by step readers
942 _ddc
_cB
999 _c151240
_d151240